000 00697nam a2200193Ii 4500
003 JO-AjNU
008 230605s9999||||xx |||||||||||||| ||und||
040 _aJO-AjNU
_bara
_erda
_cJO-AjNU
041 _aara
050 1 4 _aPJ7561.I8542 2007
100 3 _aإسماعيل،عز الدين,
_eauthor
_911268
245 0 0 _aالشعر العربي المعاصر قضاياه وظواهره الفنية والمعنوية
264 3 1 _aبيروت:دار العودة،2007
300 _a415ص
336 _atext
_btxt
_2rdacontent
337 _aunmediated
_bn
_2rdamedia
338 _avolume
_bnc
_2rdacarrier
650 4 _a الشعر العربي-تاريخ ونقد- القرن العشرين
_911269
999 _aA2236
_c5804
_d5804